Science Quiz

Random Science Quiz

Eukaryotic Cells Quiz Stats

 Plays Quiz not verified by Sporcle

Also try: Scales
Challenge
Share
Tweet
Embed
Score 0/20 Timer 05:00
0 Plays Today
Organelle/Component Function Organelle/Component % Correct
DNA storageNucleus
92.9%
Protein synthesisRibosomes
82.9%
Energy production and respirationMitochondria
80%
PhotosynthesisChloroplasts
75%
Protein packagingGolgi apparatus
62.9%
Genetic materialDNA
58.7%
Jelly-like material that fills the cellCytoplasm
54.2%
Digests peptidoglycansLysosomes
27.9%
Storage vesicles Vacuoles
27.1%
Contains nucleusNuclear envelope
24.5%
Organelle/Component Function Organelle/Component % Correct
Permeability barrier and structurePlasma membrane
23.9%
Synthesis of lipids and detoxSmooth endoplasmic reticulum
21.8%
Contains protein manufacturersRough endoplasmic reticulum
20.8%
TranscriptionmRNA
20.3%
TranslationtRNA
17.6%
Spindle attachment in mitosisCentrioles
14.2%
Diffusion of waterAquaporins
7.1%
Movement during cytokinesis and mitosisMicrotubules
6.1%
Passive transportProtein channels
5%
Polysaccharide coatingGlycolax
3.2%

You're not logged in!

Compare scores with friends on all Sporcle quizzes.
Join for Free
OR
Log In

You Might Also Like...

Show Comments

Extras

Top Quizzes Today


Score Distribution

Your Account Isn't Verified!

In order to create a playlist on Sporcle, you need to verify the email address you used during registration. Go to your Sporcle Settings to finish the process.

Report this User

Report this user for behavior that violates our Community Guidelines.

Details: